[Event "Fide Mercenarios 9th"]
[Site "Mexico City"]
[Date "1995.??.??"]
[Round "5"]
[White "Araiza Munoz, Victor Fernando"]
[Black "Quezada, A."]
[Result "1-0"]
[WhiteElo "2015"]
[BlackElo "2000"]
[PlyCount "93"]
[EventDate "1995.??.??"]
[EventType "tourn"]
[EventRounds "11"]
[EventCountry "MEX"]
[SourceTitle "EXT 2000"]
[Source "ChessBase"]
[SourceDate "1999.11.16"]
[SourceVersion "1"]
[SourceVersionDate "1999.11.16"]
[SourceQuality "1"]

1. e4 c5 2. Nf3 Nc6 3. Bb5 e6 4. 0-0 a6 5. Bxc6 bxc6 6. b3 d5 7. e5 Ne7 8. Nc3 Qc7 9. Bb2 Rb8 10. Na4 Ng6 11. d3 Qa5 12. Bc3 Qc7 13. Qd2 Rb5 14. d4 Bd7 15. Nxc5 Bxc5 16. dxc5 Rxc5 17. Bb4 Rb5 18. Bd6 Qc8 19. c4 Rb7 20. c5 Qd8 21. g3 Ne7 22. Nd4 0-0 23. Qd3 Ra7 24. Rae1 f6 25. exf6 Rxf6 26. f4 Nf5 27. Nxf5 Rxf5 28. g4 Rf7 29. g5 Qa5 30. g6 hxg6 31. Qxg6 Qd2 32. Qg2 Qd4+ 33. Qf2 Qxf2+ 34. Rxf2 Rb7 35. Rg2 Rb4 36. Be5 Kh7 37. Re3 Rb7 38. Reg3 Bc8 39. h4 a5 40. h5 Rbd7 41. h6 d4 42. hxg7 Kg8 43. Rh3 Rxg7 44. Bxg7 Rxg7 45. Rxg7+ Kxg7 46. Rd3 Ba6 47. Rxd4 1-0